Statistics for Countries of South America with hints

Click here to take the quiz!

General Stats

  • This quiz has been taken 18 times
  • The average score is 8 of 11

Answer Stats

HintAnswer% Correct
6th or 5th biggest country in the worldBrazil
100%
The sun is straight above you 2 times a yearEcuador
92%
Closest country to antarcticaChile
83%
Has the longest borders/coastlines for a countryArgentina
67%
2nd most popular country in South AmericaPeru
67%
Only 3 color country flag that isn not equal in size for each colorColombia
58%
Has One Of The World's Highest Suicide Rates.Guyana
58%
Is The Smallest South American CountrySuriname
58%
is the smallest Spanish speaking country in South AmericaUruguay
58%
is a megadiverse countryVenezuela
58%
is home to 37 official languages.Bolivia
50%

Score Distribution

Percentile by Number Answered

Percent of People with Each Score

Your Score History

You have not taken this quiz